Modelling and forecasting financial data : techniques of nonlinear dynamics (Record no. 12473)

MARC details
000 -LEADER
fixed length control field 00729nam a2200217Ia 4500
008 - FIXED-LENGTH DATA ELEMENTS--GENERAL INFORMATION
fixed length control field 191130s2002##################000#0#eng##
020 ## - INTERNATIONAL STANDARD BOOK NUMBER
International Standard Book Number 9780792376804
022 ## - INTERNATIONAL STANDARD SERIAL NUMBER
International Standard Serial Number 2001058519
040 ## - CATALOGING SOURCE
Original cataloging agency ACL
Transcribing agency ACL
082 ## - DEWEY DECIMAL CLASSIFICATION NUMBER
Classification number 332.015118 SOO
245 ## - TITLE STATEMENT
Title Modelling and forecasting financial data : techniques of nonlinear dynamics
Statement of responsibility, etc. edited by Abdol S. Soofi and Liangyue Cao
260 ## - PUBLICATION, DISTRIBUTION, ETC.
Place of publication, distribution, etc. Dordrecht ; Boston
Name of publisher, distributor, etc. Kluwer Academic Pub
Date of publication, distribution, etc. c2002
300 ## - PHYSICAL DESCRIPTION
Extent xxviii, 488 p. : ill. ; 24 cm
500 ## - GENERAL NOTE
General note Includes bibliographical references and index
650 ## - SUBJECT ADDED ENTRY--TOPICAL TERM
Topical term or geographic name entry element Finance - Mathematical models
700 ## - ADDED ENTRY--PERSONAL NAME
Personal name Cao, Liangyue
Personal name Soofi, Abdol S
990 ## - EQUIVALENCES OR CROSS-REFERENCES [LOCAL, CANADA]
Link information for 9XX fields 24e2ff59ac10000c219129feaeb44099
991 ## -
-- 146152
Holdings
Withdrawn status Lost status Materials specified (bound volume or other part) Damaged status Not for loan Home library Current library Shelving location Date acquired Total Checkouts Full call number Barcode Date last seen Price effective from Koha item type
    hbk     Anna Centenary Library Anna Centenary Library 4TH FLOOR, A WING 09.10.2020   332.015118 SOO 293313 09.10.2020 09.10.2020 English Books

Find us on the map